000 00664nam a2200277Ia 4500
005 20260324114319.0
008 008 260324s9999 xx 000 0 eng d
020 _a9781003287841
037 _aEBOOK
040 _aCRL
040 _beng
040 _cCRL
041 _2eng
041 _aeng
084 _qCRL
100 _aMinjoon Kouh; Taejoon Kouh
_91146389
245 0 _aThermal Physics Tutorials with Python Simulations
260 _bTaylor and Francis
260 _c2023
365 _a
365 _b170
856 _uhttp://www.taylorfrancis.com/books/9781003287841
942 _cEBOOK
999 _c1740389
_d1740389